000 00861nam a2200241Ia 4500
003 OSt
005 20220926025945.0
006 a|||||r|||| 00| 0
007 ta
008 220923b |||||||| |||| 00| 0 eng d
037 _cGeneral Book
040 _aRTL
_cRTL
_beng
041 _2eng
_aeng
082 _aX91:8E, J9
110 _aOrganisaiton for European Economic Coopertion European Productivity. Agency
_9333242
245 0 _aBudgetary control
_b An effective tool for the manag
260 _aParis
_bOrganisaiton for European Economic Coopertion European Productivity Agency
_c1959
300 _a65p. Bib p. 63-65
_ccm.
650 _aIndustrial Economices
_9231476
700 _aOrganisaiton for European Economic Coopertion European Productivity. Agency
_9333243
942 _hX91:8E, J9
_cGB
_2CC
999 _c648278
_d648278